书目信息 |
| 题名: |
缩微胶片技术
|
|
| 作者: | 特纳 , 门泽尔 , Mezher , Turner 著 ;吴则田 译 | |
| 分册: | ||
| 出版信息: | 北京 书目文献出版社 1982 |
|
| 页数: | 99页 | |
| 开本: | 19cm | |
| 丛书名: | ||
| 单 册: | ||
| 中图分类: | G755.72 | |
| 科图分类: | ||
| 主题词: | 缩微胶片(图书) | |
| 电子资源: | ||
| ISBN: | ||
| 000 | 00798nam0 2200277 45 | |
| 001 | 0182003503 | |
| 005 | 20060810110712.64 | |
| 010 | @dCNY0.40 | |
| 091 | @aCN@b8201.33 | |
| 100 | @a19950414d1982 em y0chiy0121 ea | |
| 101 | 1 | @achi@ceng |
| 102 | @aCN@b110000 | |
| 105 | @ay z 000yy | |
| 200 | 10 | @a缩微胶片技术@Asuo wei jiao pian ji shu@f( )门泽尔(G.C. Mezher),( )特纳(J.H. Turner)著@g吴则田译 |
| 210 | @a北京@c书目文献出版社@d1982 | |
| 215 | @a99页@d19cm | |
| 606 | @a缩微胶片(图书) | |
| 690 | @aG755.72@v3 | |
| 701 | 1 | @a特纳@Ate na@b.J.H.@4著 |
| 701 | 1 | @a门泽尔@Amen ze er@bG.C.@4著 |
| 701 | A1 | @aMezher@bG.C.@4著 |
| 701 | A1 | @aTurner@bJ.H.@4著 |
| 702 | 0 | @a吴则田@Awu ze tian@4译 |
| 801 | 0 | @aCN@bTSSF@c20060810 |
| 801 | 2 | @aCN@bNLC@c20060809 |
| 905 | @a10447@dG755.72@e26 | |
| 缩微胶片技术/( )门泽尔(G.C. Mezher),( )特纳(J.H. Turner)著/吴则田译.-北京:书目文献出版社,1982 |
| 99页;19cm |
| ISBN :CNY0.40 |
| ● |
| 相关链接 |
|
|
|
|
正题名:缩微胶片技术
索取号:G755.72/26
 
预约/预借
| 序号 | 登录号 | 条形码 | 馆藏地/架位号 | 状态 | 备注 |
| 1 | 0448409 | 204484094 | 密集书库/ [索取号:G755.72/26] | 在馆 | |
| 2 | 0450128 | 204501280 | 密集书库/ [索取号:G755.72/26] | 在馆 | |
| 3 | 0450129 | 204501299 | 密集书库/ [索取号:G755.72/26] | 在馆 |